<?xml version="1.0" encoding="UTF-8"?>
<record
    xmlns:xsi="http://www.w3.org/2001/XMLSchema-instance"
    xsi:schemaLocation="http://www.loc.gov/MARC21/slim http://www.loc.gov/standards/marcxml/schema/MARC21slim.xsd"
    xmlns="http://www.loc.gov/MARC21/slim">

  <leader>00396nam a22001697a 4500</leader>
  <controlfield tag="003">OSt</controlfield>
  <controlfield tag="008">240415b        |||||||| |||| 00| 0 eng d</controlfield>
  <datafield tag="020" ind1=" " ind2=" ">
    <subfield code="a">9789355322067</subfield>
  </datafield>
  <datafield tag="082" ind1=" " ind2=" ">
    <subfield code="a">621.38 SAE</subfield>
  </datafield>
  <datafield tag="100" ind1=" " ind2=" ">
    <subfield code="a">SALIVAHANAN,S</subfield>
  </datafield>
  <datafield tag="245" ind1=" " ind2=" ">
    <subfield code="a">Electronic Devices And Circuits</subfield>
  </datafield>
  <datafield tag="250" ind1=" " ind2=" ">
    <subfield code="a">5th Ed</subfield>
  </datafield>
  <datafield tag="260" ind1=" " ind2=" ">
    <subfield code="a">New Delhi</subfield>
    <subfield code="b">TMH</subfield>
    <subfield code="c">2023</subfield>
  </datafield>
  <datafield tag="300" ind1=" " ind2=" ">
    <subfield code="a">MISC</subfield>
  </datafield>
  <datafield tag="700" ind1=" " ind2=" ">
    <subfield code="a">SURESH KUMAR,N </subfield>
  </datafield>
  <datafield tag="942" ind1=" " ind2=" ">
    <subfield code="2">ddc</subfield>
    <subfield code="c">BK</subfield>
  </datafield>
  <datafield tag="999" ind1=" " ind2=" ">
    <subfield code="c">12505</subfield>
    <subfield code="d">12505</subfield>
  </datafield>
  <datafield tag="952" ind1=" " ind2=" ">
    <subfield code="0">0</subfield>
    <subfield code="1">0</subfield>
    <subfield code="2">ddc</subfield>
    <subfield code="4">0</subfield>
    <subfield code="7">0</subfield>
    <subfield code="8">BTECHECE</subfield>
    <subfield code="a">PIET</subfield>
    <subfield code="b">PIET</subfield>
    <subfield code="d">2024-03-31</subfield>
    <subfield code="e">Zafaa Books and Distributors</subfield>
    <subfield code="f">In rupees</subfield>
    <subfield code="g">899.00</subfield>
    <subfield code="k">ZBD0488</subfield>
    <subfield code="l">0</subfield>
    <subfield code="o">621.38 SAE</subfield>
    <subfield code="p">36989</subfield>
    <subfield code="r">2024-04-15 00:00:00</subfield>
    <subfield code="v">611.31</subfield>
    <subfield code="w">2024-03-31</subfield>
    <subfield code="y">REF</subfield>
  </datafield>
  <datafield tag="952" ind1=" " ind2=" ">
    <subfield code="0">0</subfield>
    <subfield code="1">0</subfield>
    <subfield code="2">ddc</subfield>
    <subfield code="4">0</subfield>
    <subfield code="7">0</subfield>
    <subfield code="8">BTECHECE</subfield>
    <subfield code="a">PIET</subfield>
    <subfield code="b">PIET</subfield>
    <subfield code="d">2024-03-31</subfield>
    <subfield code="e">Zafaa Books and Distributors</subfield>
    <subfield code="f">In rupees</subfield>
    <subfield code="g">899.00</subfield>
    <subfield code="k">ZBD0488</subfield>
    <subfield code="l">2</subfield>
    <subfield code="o">621.38 SAE</subfield>
    <subfield code="p">36990</subfield>
    <subfield code="r">2024-12-12 00:00:00</subfield>
    <subfield code="s">2024-12-02</subfield>
    <subfield code="v">611.31</subfield>
    <subfield code="w">2024-03-31</subfield>
    <subfield code="y">BK</subfield>
  </datafield>
  <datafield tag="952" ind1=" " ind2=" ">
    <subfield code="0">0</subfield>
    <subfield code="1">0</subfield>
    <subfield code="2">ddc</subfield>
    <subfield code="4">0</subfield>
    <subfield code="7">0</subfield>
    <subfield code="8">BTECHECE</subfield>
    <subfield code="a">PIET</subfield>
    <subfield code="b">PIET</subfield>
    <subfield code="d">2024-03-31</subfield>
    <subfield code="e">Zafaa Books and Distributors</subfield>
    <subfield code="f">In rupees</subfield>
    <subfield code="g">899.00</subfield>
    <subfield code="k">ZBD0488</subfield>
    <subfield code="l">3</subfield>
    <subfield code="o">621.38 SAE</subfield>
    <subfield code="p">36991</subfield>
    <subfield code="r">2025-02-24 00:00:00</subfield>
    <subfield code="s">2025-02-21</subfield>
    <subfield code="v">611.31</subfield>
    <subfield code="w">2024-03-31</subfield>
    <subfield code="y">BK</subfield>
  </datafield>
  <datafield tag="952" ind1=" " ind2=" ">
    <subfield code="0">0</subfield>
    <subfield code="1">0</subfield>
    <subfield code="2">ddc</subfield>
    <subfield code="4">0</subfield>
    <subfield code="7">0</subfield>
    <subfield code="8">BTECHECE</subfield>
    <subfield code="a">PIET</subfield>
    <subfield code="b">PIET</subfield>
    <subfield code="d">2024-03-31</subfield>
    <subfield code="e">Zafaa Books and Distributors</subfield>
    <subfield code="f">In rupees</subfield>
    <subfield code="g">899.00</subfield>
    <subfield code="k">ZBD0488</subfield>
    <subfield code="l">2</subfield>
    <subfield code="o">621.38 SAE</subfield>
    <subfield code="p">36992</subfield>
    <subfield code="r">2025-02-03 00:00:00</subfield>
    <subfield code="s">2024-10-25</subfield>
    <subfield code="v">611.31</subfield>
    <subfield code="w">2024-03-31</subfield>
    <subfield code="y">BK</subfield>
  </datafield>
  <datafield tag="952" ind1=" " ind2=" ">
    <subfield code="0">0</subfield>
    <subfield code="1">0</subfield>
    <subfield code="2">ddc</subfield>
    <subfield code="4">0</subfield>
    <subfield code="7">0</subfield>
    <subfield code="8">BTECHECE</subfield>
    <subfield code="a">PIET</subfield>
    <subfield code="b">PIET</subfield>
    <subfield code="d">2024-03-31</subfield>
    <subfield code="e">Zafaa Books and Distributors</subfield>
    <subfield code="f">In rupees</subfield>
    <subfield code="g">899.00</subfield>
    <subfield code="k">ZBD0488</subfield>
    <subfield code="l">4</subfield>
    <subfield code="o">621.38 SAE</subfield>
    <subfield code="p">36993</subfield>
    <subfield code="r">2024-12-19 00:00:00</subfield>
    <subfield code="s">2024-11-30</subfield>
    <subfield code="v">611.31</subfield>
    <subfield code="w">2024-03-31</subfield>
    <subfield code="y">BK</subfield>
  </datafield>
  <datafield tag="952" ind1=" " ind2=" ">
    <subfield code="0">0</subfield>
    <subfield code="1">0</subfield>
    <subfield code="2">ddc</subfield>
    <subfield code="4">0</subfield>
    <subfield code="7">0</subfield>
    <subfield code="8">BTECHECE</subfield>
    <subfield code="a">PIET</subfield>
    <subfield code="b">PIET</subfield>
    <subfield code="d">2024-03-27</subfield>
    <subfield code="e">Zafaa Books and Distributors</subfield>
    <subfield code="f">In rupees</subfield>
    <subfield code="g">899.00</subfield>
    <subfield code="k">ZBD0473</subfield>
    <subfield code="l">1</subfield>
    <subfield code="o">621.38 SAE</subfield>
    <subfield code="p">36584</subfield>
    <subfield code="r">2024-12-19 00:00:00</subfield>
    <subfield code="s">2024-11-30</subfield>
    <subfield code="v">611.32</subfield>
    <subfield code="w">2024-03-27</subfield>
    <subfield code="y">BK</subfield>
  </datafield>
  <datafield tag="952" ind1=" " ind2=" ">
    <subfield code="0">0</subfield>
    <subfield code="1">0</subfield>
    <subfield code="2">ddc</subfield>
    <subfield code="4">0</subfield>
    <subfield code="7">0</subfield>
    <subfield code="8">BTECHECE</subfield>
    <subfield code="a">PIET</subfield>
    <subfield code="b">PIET</subfield>
    <subfield code="d">2024-03-27</subfield>
    <subfield code="e">Zafaa Books and Distributors</subfield>
    <subfield code="f">In rupees</subfield>
    <subfield code="g">899.00</subfield>
    <subfield code="k">ZBD0473</subfield>
    <subfield code="l">1</subfield>
    <subfield code="o">621.38 SAE</subfield>
    <subfield code="p">36585</subfield>
    <subfield code="r">2025-02-20 00:00:00</subfield>
    <subfield code="s">2024-05-21</subfield>
    <subfield code="v">611.32</subfield>
    <subfield code="w">2024-03-27</subfield>
    <subfield code="y">BK</subfield>
  </datafield>
  <datafield tag="952" ind1=" " ind2=" ">
    <subfield code="0">0</subfield>
    <subfield code="1">0</subfield>
    <subfield code="2">ddc</subfield>
    <subfield code="4">0</subfield>
    <subfield code="7">0</subfield>
    <subfield code="8">BTECHECE</subfield>
    <subfield code="a">PIET</subfield>
    <subfield code="b">PIET</subfield>
    <subfield code="d">2024-03-27</subfield>
    <subfield code="e">Zafaa Books and Distributors</subfield>
    <subfield code="f">In rupees</subfield>
    <subfield code="g">899.00</subfield>
    <subfield code="k">ZBD0473</subfield>
    <subfield code="l">1</subfield>
    <subfield code="o">621.38 SAE</subfield>
    <subfield code="p">36586</subfield>
    <subfield code="r">2026-01-08 00:00:00</subfield>
    <subfield code="s">2025-09-22</subfield>
    <subfield code="v">611.32</subfield>
    <subfield code="w">2024-03-27</subfield>
    <subfield code="y">BK</subfield>
  </datafield>
</record>
